00519nam a2200157 a 4500008004100000020001500041050001600056100003300072245003200105260009700137300002300234350000900257500004000266650003300306700002200339060424s1992 ||||||||||||||||| || u a0944298680 aHF 5430 Ale aMuhlebach, Richard F., 1943-10aShopping center management  aChicago :bInstitute of Real Estate Management of the National Association of Realtorsc1992 axix, 403 p. : ill. a0.00 aIncludes bibliographical references aSHOPING CENTERS - MANAGEMENT aAlexander, Alan A